| 000 | 00000nam##2200000za#4500 |
| 001 | 9.641460 |
| 003 | CaOODSP |
| 005 | 20210624223224 |
| 007 | cr ||||||||||| |
| 008 | 150407|2009||||xxc|||||o f|0| 0 fre|d |
| 040 | |aCaOODSP|bfre |
| 043 | |an-cn--- |
| 086 | 1 |aH128-1/09-579F-PDF |
| 110 | 1 |aCanada. |bSanté Canada.|bDirection générale de la santé environnementale et de la sécurité des consommateurs. |
| 245 | 10|aConseils concernant l'émission et l'annulation des avis de non-consommation de l'eau potable en situation d'urgence / |h[ressource électronique]|crédigé par le Comité fédéral-provincial-territorial sur l'eau potable du Comité fédéral provincial-territorial sur la santé et l'environnement. |
| 260 | |aOttawa - Ontario : |bSanté Canada. |cFévrier 2009. |
| 300 | |a11p.|bréférences |
| 500 | |aLe n° de catalogue (H128-1/09-579F) et l'ISBN (978-1-100-91610-1) de l'édition imprimée ont été incorrectement copiés dans la version électronique. |
| 590 | |a13-06-Supp|b2013-03-19 |
| 691 | 07|aEau potable|2gcpds |
| 775 | 08|tGuidance for issuing and rescinding drinking water avoidance advisories in emergency situations / |w(CaOODSP)9.697414 |
| 856 | 40|ahttp://publications.gc.ca|qPDF|s116 Ko|uhttps://publications.gc.ca/collections/collection_2013/sc-hc/H128-1-09-579-fra.pdf |
| 986 | |aSC Pub. : 4119 |